Principles of fluid mechanics and fluid machines (Record no. 936)

MARC details
000 -LEADER
Fixed length control field 00525nam a2200181 4500
003 - CONTROL NUMBER IDENTIFIER
Control field SEACOMEC
005 - DATE AND TIME OF LATEST TRANSACTION
Control field 20240426145729.0
008 - FIXED-LENGTH DATA ELEMENTS--GENERAL INFORMATION
Fixed length control field 240426b |||||||| |||| 00| 0 eng d
020 ## - INTERNATIONAL STANDARD BOOK NUMBER / ISBN
International Standard Book Number 8173715491
Price 295.00
040 ## - CATALOGING SOURCE
Original cataloging agency SEACOMEC
082 ## - DEWEY DECIMAL CLASSIFICATION NUMBER
Classification number 620.106
Book Number P641
100 ## - MAIN ENTRY--PERSONAL NAME
Personal name Pillai, N. Narayana
245 1# - TITLE STATEMENT
Title Principles of fluid mechanics and fluid machines
Statement of responsibility N. Narayana Pillai and Krishnan CR.Rama
250 ## - EDITION STATEMENT
Edition statement 2nd ed.
260 ## - IMPRINT
Place of publication Hyderabad,
Name of publisher Universities Press,
Date of publication 2006
650 ## - SUBJECT ADDED ENTRY--TOPICAL TERM
Topical term Mechanical Engineering
942 ## - ADDED ENTRY ELEMENTS (KOHA)
Koha item type Books
Holdings
Withdrawn status Lost status Source of classification Damaged status Not for loan Home library Current library Date acquired Total Checkouts Call number Accession number Date last seen Price effective from Koha item type Copy number
    Dewey Decimal Classification     SEACOM ENGINEERING COLLEGE SEACOM ENGINEERING COLLEGE 13/06/2006   620.106 P641 3733 26/04/2024 26/04/2024 Books  
    Dewey Decimal Classification     SEACOM ENGINEERING COLLEGE SEACOM ENGINEERING COLLEGE 13/06/2006   620.106 P641 3734 26/04/2024 26/04/2024 Books 1
    Dewey Decimal Classification     SEACOM ENGINEERING COLLEGE SEACOM ENGINEERING COLLEGE 13/06/2006   620.106 P641 3735 26/04/2024 26/04/2024 Books 2
    Dewey Decimal Classification     SEACOM ENGINEERING COLLEGE SEACOM ENGINEERING COLLEGE 13/06/2006   620.106 P641 3736 26/04/2024 26/04/2024 Books 3
    Dewey Decimal Classification     SEACOM ENGINEERING COLLEGE SEACOM ENGINEERING COLLEGE 13/06/2006   620.106 P641 3737 26/04/2024 26/04/2024 Books 4
© Seacom Engineering College, All rights reserved.      Powered by Koha